Quick Pick: Star Wars, Not Real Quiz Stats

 Plays Quiz Updated Sep 7, 2019

Score 0/9 Timer 01:30
7 Plays Today
% Correct
Dagobah
78.5%
Naboo
72.4%
Bespin
71%
Yavin
69.4%
Hoth
69%
Alderaan
68.1%
Coruscant
68.1%
Endor
68%
Tatooine
61.5%

Today's Daily Dose

Missing Word
Video Games (A-Z)

Get the Picture
Tom Hanks

You're not logged in!

Compare scores with friends on all Sporcle quizzes.
OR
Log In

Sporcle TV

Today on Sporcle TV


Watch our educational content, quiz creation guides, and fun videos on Sporcle TV.

Show Comments

Extras

Top Quizzes Today


Score Distribution

Your Account Isn't Verified!

In order to create a playlist on Sporcle, you need to verify the email address you used during registration. Go to your Sporcle Settings to finish the process.

Report this User

Report this user for behavior that violates our Community Guidelines.

Details: